The journey of a mother's heart : (Record no. 3095)

MARC details
000 -LEADER
fixed length control field 01040cam a22003014a 4500
001 - CONTROL NUMBER
control field 11806546
003 - CONTROL NUMBER IDENTIFIER
control field GBCCL
005 - DATE AND TIME OF LATEST TRANSACTION
control field 20241126110447.0
008 - FIXED-LENGTH DATA ELEMENTS--GENERAL INFORMATION
fixed length control field 991008s1999 cau b 000 0 eng
010 ## -
-- 99052689
020 ## - INTERNATIONAL STANDARD BOOK NUMBER
International Standard Book Number 0830725385
040 ## - CATALOGING SOURCE
Original cataloging agency DLC
Transcribing agency DLC
Modifying agency DLC
042 ## -
-- pcc
050 00 -
-- BV4529
-- .M34 1999
082 00 - DEWEY DECIMAL CLASSIFICATION NUMBER
Classification number 248.8431
Edition information 21
Item number MAL
100 1# - MAIN ENTRY--PERSONAL NAME
Personal name Malmin, Glenda,
Dates associated with a name 1950-
9 (RLIN) 6420
245 14 - TITLE STATEMENT
Title The journey of a mother's heart :
Remainder of title encouragement for moms /
Statement of responsibility, etc. Glenda Malmin.
260 ## - PUBLICATION, DISTRIBUTION, ETC.
Place of publication, distribution, etc. Ventura, Calif. :
Name of publisher, distributor, etc. Regal Books,
Date of publication, distribution, etc. c1999.
300 ## - PHYSICAL DESCRIPTION
Extent 154 p. ;
Dimensions 22 cm.
504 ## - BIBLIOGRAPHY, ETC. NOTE
Bibliography, etc. note Includes bibliographical references.
600 00 - SUBJECT ADDED ENTRY--PERSONAL NAME
Personal name Mary,
Titles and other words associated with a name Blessed Virgin, Saint
General subdivision Motherhood.
9 (RLIN) 6421
650 #0 - SUBJECT ADDED ENTRY--TOPICAL TERM
Topical term or geographic name entry element Mothers
General subdivision Religious life.
9 (RLIN) 5894
650 #0 - SUBJECT ADDED ENTRY--TOPICAL TERM
Topical term or geographic name entry element Mothers in the Bible.
9 (RLIN) 6422
906 ## - LOCAL DATA ELEMENT F, LDF (RLIN)
a 7
b cbc
c orignew
d 1
e ocip
f 19
g y-gencatlg
942 ## - ADDED ENTRY ELEMENTS (KOHA)
Source of classification or shelving scheme Dewey Decimal Classification
Koha item type Books
Koha issues (borrowed), all copies 2
Holdings
Withdrawn status Lost status Source of classification or shelving scheme Damaged status Not for loan Home library Current Library Shelving location Date acquired Total checkouts Full call number Barcode Date last seen Copy number Price effective from Koha item type Date last checked out
    Dewey Decimal Classification     GRACE BIBLE COLLEGE GRACE BIBLE COLLEGE Ministry & Mission 2017-10-23   248.8431 MAL 011284 2025-05-01 c.1 2017-10-23 Books  
    Dewey Decimal Classification     GRACE BIBLE COLLEGE GRACE BIBLE COLLEGE Ministry & Mission 2017-10-23   248.8431 MAL 011285 2025-05-01 c.2 2017-10-23 Books  
    Dewey Decimal Classification     GRACE BIBLE COLLEGE GRACE BIBLE COLLEGE Ministry & Mission 2017-10-23   248.8431 MAL 011286 2025-05-01 c.3 2017-10-23 Books  
    Dewey Decimal Classification     GRACE BIBLE COLLEGE GRACE BIBLE COLLEGE Ministry & Mission 2017-10-23   248.8431 MAL 011287 2025-05-01 c.4 2017-10-23 Books  
    Dewey Decimal Classification     GRACE BIBLE COLLEGE GRACE BIBLE COLLEGE Ministry & Mission 2017-10-23   248.8431 MAL 011288 2025-05-01 c.5 2017-10-23 Books  
    Dewey Decimal Classification     GRACE BIBLE COLLEGE GRACE BIBLE COLLEGE Ministry & Mission 2017-12-19   248.8431 MAL 011289 2025-05-01 c.6 2017-12-19 Books  
    Dewey Decimal Classification     GRACE BIBLE COLLEGE GRACE BIBLE COLLEGE Ministry & Mission 2017-12-19 1 248.8431 MAL 011597 2025-05-01 c.7 2017-12-19 Books 2022-04-21
    Dewey Decimal Classification     GRACE BIBLE COLLEGE GRACE BIBLE COLLEGE Ministry & Mission 2017-12-19   248.8431 MAL 011598 2025-05-01 c.8 2017-12-19 Books  
    Dewey Decimal Classification     GRACE BIBLE COLLEGE GRACE BIBLE COLLEGE Ministry & Mission 2017-12-19   248.8431 MAL 011599 2025-05-01 c.9 2017-12-19 Books  
    Dewey Decimal Classification     GRACE BIBLE COLLEGE GRACE BIBLE COLLEGE Ministry & Mission 2017-12-19 1 248.8431 MAL 011600 2025-05-01 c.10 2017-12-19 Books 2019-10-28
    Dewey Decimal Classification     GRACE BIBLE COLLEGE GRACE BIBLE COLLEGE Ministry & Mission 2017-12-19   248.8431 MAL 011601 2025-05-01 c.11 2017-12-19 Books  
    Dewey Decimal Classification     GRACE BIBLE COLLEGE GRACE BIBLE COLLEGE Ministry & Mission 2017-12-19   248.8431 MAL 011602 2025-05-01 c.12 2017-12-19 Books  
© Grace Bible College Library 2025